Postavenie Fondu národného majetku Slovenskej republiky v procese transformácie ekonomiky

Vytváranie legislatívy v procese transformácie a privatizácie ekonomiky po roku 1989 na Slovensku. Prijatie zákonov na ceste k deetatizácii a privatizácii štátneho majetku. Právne pomery Fondu národného majetku SR. Majetok fondu a jeho použitie. Právne úkony fondu. Organizácia fondu - prezídium, výk...

Ausführliche Beschreibung

Gespeichert in:
Bibliographische Detailangaben
1. Verfasser: Durovčík, J.
Format: Buchkapitel
Sprache:Slowakisch
Schlagworte:
Tags: Tag hinzufügen
Keine Tags, Fügen Sie das erste Tag hinzu!

MARC

LEADER 00000naa a2200000 4500
001 r017557
005 20221213100356.7
041 0 |a slo 
044 |a SK 
245 1 0 |a Postavenie Fondu národného majetku Slovenskej republiky v procese transformácie ekonomiky  |c J. Durovčík 
520 |a Vytváranie legislatívy v procese transformácie a privatizácie ekonomiky po roku 1989 na Slovensku. Prijatie zákonov na ceste k deetatizácii a privatizácii štátneho majetku. Právne pomery Fondu národného majetku SR. Majetok fondu a jeho použitie. Právne úkony fondu. Organizácia fondu - prezídium, výkonný výbor, dozorná rada. 
610 2 0 |a transformácia 
610 2 0 |a Slovensko 
610 2 0 |a deetatizácia 
610 2 0 |a legislatíva 
610 2 0 |a zákony 
610 2 0 |a privatizácia 
610 2 0 |a FNM SR Bratislava 
610 2 0 |a organizácie nevládne 
610 2 0 |a majetok národný 
610 2 0 |a štruktúra organizačná 
610 2 0 |a vzťahy vlastnícke 
100 1 |a Durovčík, J.